00573nam a2200217Ia 4500008004100000020001800041040000600059041001200065082001300077082001100090100002200101245004000123245002200163260001400185260003500199260000900234300005500243300001000298501002800308650001900336141004s9999 xx 000 0 und d a81 259 0156 6 ca aEnglish a580.1202 bSUB/LA aNS Subrahmanyam aLaboratory manual of plant taxonomy cNS Subrahmanyam aNew Delhi bVikas publishing House pvt Ltd c1996 a669 p.  b24 cm aKAUCOF  aPlant taxonomy